Inquire within: implementing inquiry- and argument-based science standards in grade 3-8

Guardat en:
Dades bibliogràfiques
Autor principal: LLEWELLYN, Douglas
Format: Llibre
Idioma:anglès
Publicat: Corwin, Sage Publications 2014
Etiquetes: Afegir etiqueta
Sense etiquetes, Sigues el primer a etiquetar aquest registre!

MARC

LEADER 00000nam a22000007a 4500
008 201210b ||||| |||| 00| 0 eng d
020 |a 978-1-4522-9928-0 
100 |a LLEWELLYN, Douglas. 
245 |a Inquire within: implementing inquiry- and argument-based science standards in grade 3-8  |c Douglas Llewellyn  |g xxi, 364p.; ill. 
250 |b 3rd ed. 
260 |b Corwin, Sage Publications  |c 2014  |h Thousand Oaks, CA  |i 692271   |i 692272  |l LB1585.3 .L77  |m Science – Study and teaching – Standards – United States.  |m Inquiry (Theory of Knowledge). 
500 |a “It includes references and index”. 
942 |a lcc  |c BK  |e Adeniran, F. A.  |f 10/12/2020 
952 |0 0  |1 0  |2 lcc  |4 0  |6 LB15853 L77  |7 0  |9 272  |a HOL  |b HOL  |c QZ  |d 2020-12-10  |l 0  |o LB1585.3 .L77  |p 2020-02010  |r 2020-12-10 00:00:00  |w 2020-12-10  |y BK 
952 |0 0  |1 0  |2 lcc  |4 0  |6 LB15853 L77  |7 0  |9 277  |a HOL  |b SL  |c QZ  |d 2020-12-10  |l 0  |o LB1585.3 .L77  |p 2020-2015  |r 2020-12-10 00:00:00  |w 2020-12-10  |y BK 
999 |c 109  |d 109